| 000 -LEADER |
| fixed length control field |
00683pam a2200229 a 4500 |
| 001 - CONTROL NUMBER |
| control field |
4817373 |
| 005 - DATE AND TIME OF LATEST TRANSACTION |
| control field |
20180306031421.0 |
| 008 - FIXED-LENGTH DATA ELEMENTS--GENERAL INFORMATION |
| fixed length control field |
890825s1990 caua b 001 0 eng c |
| 010 ## - LIBRARY OF CONGRESS CONTROL NUMBER |
| LC control number |
89017922 |
| 020 ## - INTERNATIONAL STANDARD BOOK NUMBER |
| International Standard Book Number |
0805350152 |
| 040 ## - CATALOGING SOURCE |
| Original cataloging agency |
DNLM/DLC |
| Transcribing agency |
DLC |
| Modifying agency |
DLC |
| 041 ## - LANGUAGE CODE |
| Language code of text/sound track or separate title |
eng |
| 060 ## - NATIONAL LIBRARY OF MEDICINE CALL NUMBER |
| Classification number |
QU 4 M4294b |
| 080 ## - UNIVERSAL DECIMAL CLASSIFICATION NUMBER |
| Universal Decimal Classification number |
574.192 MAT |
| 082 00 - DEWEY DECIMAL CLASSIFICATION NUMBER |
| Classification number |
574.192 MAT |
| Edition number |
20 |
| 100 1# - Rafti |
| Rafti |
5 |
| 101 ## - Shkurtesa |
| Shkurtesa |
BIO |
| 245 10 - TITLE STATEMENT |
| Title |
Biochemistry / |
| Statement of responsibility, etc |
Christopher K. Mathews, K.E. van Holde ; illustration concepts by Audre W. Newman with art contributions from Irving Geis. |
| 504 ## - BIBLIOGRAPHY, ETC. NOTE |
| Bibliography, etc |
Includes bibliographical references. |
| 906 ## - LOCAL DATA ELEMENT F, LDF (RLIN) |
| a |
7 |
| b |
cbc |
| c |
orignew |
| d |
1 |
| e |
ocip |
| f |
19 |
| g |
y-gencatlg |
| 942 ## - ADDED ENTRY ELEMENTS (KOHA) |
| Source of classification or shelving scheme |
|
| Item type |
Books |